00563nam a2200169 a 450000100100000000500170001000800410002702000150006804000250008310000200010824501050012826000320023330000210026550000490028653400460033570000120038100003427220200930073619.0110929s2003 es 000 0 spa d a8474322456 aDO-SdBNPbspacBNPHU1 aAdams, James L.10aGuía y juegos para superar bloqueos mentales /cJames L. Adams ;traducción Claudia Rosa Ferrari. aBarcelona :bGedisa,c2003. a200 p. ;c21 cm. aLa biblioteca posee la tercera reimpresión aTít. original:kConceptual blockbusting1 aFerrari